| 000 | 00533nam a2200205Ia 4500 | ||
|---|---|---|---|
| 005 | 20240321100839.0 | ||
| 008 | 140110s9999 xx 000 0 und d | ||
| 020 |
_a9788181478870 _cRs.495.00 |
||
| 040 | _aLoreto College | ||
| 041 | _aEnglish | ||
| 082 |
_a510 _bKOS |
||
| 100 | _aKoshy,Thomas | ||
| 245 |
_aDiscrete mathematics with applications _cThomas Koshy |
||
| 260 |
_aGurgaon _bElsevier _c2009 |
||
| 300 | _axxiv,1045p | ||
| 504 | _aIncludes index | ||
| 650 | _aDiscrete mathematics | ||
| 850 | _aLCLIB | ||
| 942 | _cBK | ||
| 999 |
_c37823 _d88302 |
||